书目信息 |
| 题名: |
拖拉机使用中的检查调整
|
|
| 作者: | 苏晓光 编 | |
| 分册: | ||
| 出版信息: | 北京 机械工业出版社 1976.06 |
|
| 页数: | 212页 | |
| 开本: | 18cm | |
| 丛书名: | 农业机械化丛书 | |
| 单 册: | ||
| 中图分类: | S219.07 | |
| 科图分类: | ||
| 主题词: | 农业--动能 , 农业--能源 | |
| 电子资源: | ||
| ISBN: | ||
| 000 | 00645nam0 2200229 45 | |
| 001 | 0405210903 | |
| 005 | 20040525095730.6 | |
| 010 | @dCNY | |
| 100 | @a20040521d1976 km y0chiy0120 ea | |
| 101 | 0 | @achi |
| 105 | @a z 000yy | |
| 200 | 1 | @a拖拉机使用中的检查调整@ATuo La Ji Shi Yong Zhong De Jian Cha Diao Zheng@f苏晓光编@FSu Xiao Guang Bian |
| 210 | @a北京@c机械工业出版社@d1976.06 | |
| 215 | @a212页@d18cm | |
| 225 | @a农业机械化丛书 | |
| 410 | @12001 @a农业机械化丛书 | |
| 606 | 0 | @a农业@x动能 |
| 606 | 0 | @a农业@x能源 |
| 690 | @aS219.07@v3 | |
| 701 | 0 | @a苏晓光@4编 |
| 801 | @aCN@bPftUser@c20040521 | |
| 905 | @f1@b17606@dS219.07@e5 | |
| 拖拉机使用中的检查调整/苏晓光编.-北京:机械工业出版社,1976.06 |
| 212页;18cm.-(农业机械化丛书) |
| ISBN :CNY |
| ● |
| 相关链接 |
|
|
|
|
正题名:拖拉机使用中的检查调整
索取号:S219.07/5
 
预约/预借
| 序号 | 登录号 | 条形码 | 馆藏地/架位号 | 状态 | 备注 |
| 1 | 0017605 | 000717166 | 第二样本阅览室/ [索取号:S219.07/5] | 在馆 | |
| 2 | 0017606 | 000718076 | 第三借阅区/ [索取号:S219.07/5] | 在馆 |